Online katalóg knižníc regiónu Turca

Omerpaša Latas (Record no. 22747)

MARC details
000 -LEADER
fixed length control field 00796nam a2200253 a 4500
001 - CONTROL NUMBER
control field 22747
003 - CONTROL NUMBER IDENTIFIER
control field SK-KTurca
005 - DATE AND TIME OF LATEST TRANSACTION
control field 20260422161424.0
008 - FIXED-LENGTH DATA ELEMENTS--GENERAL INFORMATION
fixed length control field 950620s1980 xo a g 000 1 slo c
035 ## - SYSTEM CONTROL NUMBER
System control number UKB000079441
040 ## - CATALOGING SOURCE
Original cataloging agency BAA001
Language of cataloging slo
Transcribing agency BAA001
Description conventions AACR2
041 1# - LANGUAGE CODE
Language code of text/sound track or separate title slo
Language code of original scr
044 ## - COUNTRY OF PUBLISHING/PRODUCING ENTITY CODE
MARC country code xo
ISO country code SK
084 ## - OTHER CLASSIFICATION NUMBER
Classification number W 6(4J)-644
Number source UKB
100 1# - MAIN ENTRY--PERSONAL NAME
Personal name Andrić, Ivo,
Dates associated with a name 1892-1975
245 10 - TITLE STATEMENT
Title Omerpaša Latas
Statement of responsibility, etc. Ivo Andrić ; zo srbochorv. orig. prel. a vysvetl. sprac. František Lipka
260 ## - PUBLICATION, DISTRIBUTION, ETC.
Place of publication, distribution, etc. Bratislava
Name of publisher, distributor, etc. Slov. spis.
Date of publication, distribution, etc. 1980
300 ## - PHYSICAL DESCRIPTION
Extent 250 s.
490 1# - SERIES STATEMENT
Series statement Spoločnosť priateľov krásnych kníh
Volume/sequential designation zv.
-- 392
500 ## - GENERAL NOTE
General note Rozlož. tit. list
700 1# - ADDED ENTRY--PERSONAL NAME
Personal name Lipka, František,
Dates associated with a name 1946-
Relationship trl
-- cwt
830 #0 - SERIES ADDED ENTRY--UNIFORM TITLE
Uniform title Spoločnosť priateľov krásnych kníh
Volume/sequential designation zv.
-- 392
942 ## - ADDED ENTRY ELEMENTS (KOHA)
Source of classification or shelving scheme Dewey Decimal Classification
Koha item type Krásna literatúra pre dospelých
Suppress in OPAC No
Holdings
Stav vyradenia Strata Poškodenie Spôsob nadobudnutia Domovská knižnica Aktuálna knižnica Dátum nadobudnutia Total checkouts Čiarový kód exemplára Date last seen Typ exemplára
      Dar Obecná knižnica Folkušová Obecná knižnica Folkušová 22.04.2026   4734401076 22.04.2026 Krásna literatúra pre dospelých
Projekt je podporený Slovenskou asociáciou knižníc
Prevádzkuje Turčianska knižnica Martin 2026